[Event "Gibtelecom Masters"]
[Site "Gibraltar"]
[Date "2009.01.28"]
[Round "2.40"]
[White "Perman, Torvald"]
[Black "Perez Ponsa, Federico"]
[Result "0-1"]
[WhiteElo "2077"]
[BlackElo "2390"]
[PlyCount "54"]
[EventDate "2009.01.27"]

1. c4 g6 2. Nc3 Bg7 3. g3 Nf6 4. Bg2 O-O 5. d4 d6 6. Nf3 Nbd7 7. O-O e5 8. e4
exd4 9. Nxd4 Re8 10. h3 a6 11. b3 Rb8 12. Bb2 c5 13. Nc2 b5 14. cxb5 axb5 15.
Qxd6 b4 16. Na4 Nxe4 17. Bxe4 Bxb2 18. Nxb2 Rxe4 19. Rfe1 Rb6 20. Qd2 Rbe6 21.
Rxe4 Rxe4 22. Nc4 Re6 23. a3 bxa3 24. Rxa3 Bb7 25. Ra7 Qb8 26. Qxd7 Qxa7 27.
Nd6 Qa1+ 0-1

[Event "Gibtelecom Masters"]
[Site "Gibraltar"]
[Date "2009.01.28"]
[Round "2.41"]
[White "Fairbairn, Stephen"]
[Black "Welling, Gerard"]
[Result "0-1"]
[WhiteElo "2068"]
[BlackElo "2371"]
[PlyCount "92"]
[EventDate "2009.01.27"]

1. g3 d6 2. Bg2 e5 3. c4 f5 4. d4 Be7 5. dxe5 dxe5 6. Qxd8+ Bxd8 7. b3 Nd7 8.
Bb2 c6 9. Nc3 Ngf6 10. Nh3 O-O 11. O-O Re8 12. Rad1 h6 13. Kh1 g5 14. Ng1 e4
15. Nb1 a5 16. Bh3 g4 17. Bg2 a4 18. b4 Be7 19. a3 Nb6 20. Nd2 Be6 21. c5 Nc4
22. Nxc4 Bxc4 23. Rd2 Nd5 24. Rc1 Bb5 25. e3 Red8 26. Bf1 Nc7 27. Rxd8+ Rxd8
28. Bd4 Rd7 29. Kg2 Kf7 30. Ne2 Ne6 31. Bc3 Rd8 32. Ng1 Bxf1+ 33. Kxf1 Ng5 34.
Ne2 Nf3 35. Kg2 h5 36. h4 gxh3+ 37. Kxh3 h4 38. gxh4 Bxh4 39. Ng3 Bxg3 40. Kxg3
Ke6 41. Kg2 Rg8+ 42. Kh1 Rd8 43. Kg2 Rd3 44. Kf1 Kd5 45. Bb2 Nd2+ 46. Ke2 Nc4
0-1

[Event "Gibtelecom Masters"]
[Site "Gibraltar"]
[Date "2009.01.28"]
[Round "2.42"]
[White "Gandrud, Vegar Koi"]
[Black "Leniart, Arkadiusz"]
[Result "0-1"]
[WhiteElo "2046"]
[BlackElo "2360"]
[PlyCount "88"]
[EventDate "2009.01.27"]

1. d4 d5 2. c4 e6 3. Nf3 Nf6 4. g3 Nbd7 5. Bg2 dxc4 6. O-O Nb6 7. Qc2 Bd7 8.
Ne5 Nfd5 9. a3 Ba4 10. Qd2 c5 11. Nc3 Nxc3 12. bxc3 Qc7 13. Qg5 h6 14. Qg4 cxd4
15. cxd4 g5 16. Qf3 Nd5 17. e4 Nb6 18. Bb2 Bg7 19. Ng4 O-O-O 20. Nf6 Qe7 21. d5
e5 22. Ng4 Kb8 23. Ne3 h5 24. Nf5 Qf8 25. Qc3 f6 26. Rfc1 Rc8 27. Bf1 Bd7 28.
Nxg7 Qxg7 29. a4 Bxa4 30. Qb4 Qd7 31. Bxc4 Nxc4 32. Rxc4 Rxc4 33. Qxc4 Bb5 34.
Qa2 a6 35. Qa3 h4 36. Rc1 hxg3 37. Qxg3 Rh3 38. Qg2 Be2 39. Rc3 Rxc3 40. Bxc3
Qb5 41. h4 Qd3 42. Qg3 Bf3 43. Bxe5+ Kc8 44. Kh2 Qd1 0-1

[Event "Gibtelecom Masters"]
[Site "Gibraltar"]
[Date "2009.01.28"]
[Round "2.43"]
[White "Dittmar, Peter"]
[Black "Obiamiwe, Paul"]
[Result "1/2-1/2"]
[WhiteElo "2382"]
[BlackElo "2035"]
[PlyCount "114"]
[EventDate "2009.01.27"]

1. b3 Nf6 2. Bb2 g6 3. Bxf6 exf6 4. c4 Bg7 5. Nc3 O-O 6. g3 f5 7. Bg2 Nc6 8. e3
Re8 9. Nge2 d6 10. O-O g5 11. Rc1 h6 12. Nd5 Ne5 13. f4 Nd3 14. Rb1 c6 15. Qc2
Nc5 16. Ndc3 a5 17. Kh1 Qe7 18. Rbe1 Bd7 19. Qb1 Ne4 20. Nxe4 fxe4 21. Nc3 f5
22. Qc2 g4 23. d3 Bxc3 24. Qxc3 d5 25. cxd5 cxd5 26. Qd4 Bc6 27. Rd1 Qg7 28.
dxe4 dxe4 29. Rf2 Qxd4 30. Rxd4 Rad8 31. Rfd2 Rxd4 32. Rxd4 Kf7 33. Bf1 Ke7 34.
h3 h5 35. hxg4 hxg4 36. b4 axb4 37. Rxb4 Rd8 38. Rb2 Rd1 39. Kg2 Kd6 40. Bc4
Kc5 41. Rc2 Kb4 42. Be6 Bd7 43. Bf7 b5 44. Kf2 Rd6 45. Rc7 Be6 46. Bxe6 Rxe6
47. Rf7 Rc6 48. Rxf5 Rc2+ 49. Kf1 Rxa2 50. Re5 Kc4 51. Rxe4+ Kc3 52. f5 b4 53.
f6 Ra6 54. f7 Ra1+ 55. Ke2 Ra2+ 56. Kf1 Ra1+ 57. Ke2 Ra2+ 1/2-1/2

[Event "Gibtelecom Masters"]
[Site "Gibraltar"]
[Date "2009.01.28"]
[Round "2.44"]
[White "Calzetta, Monica"]
[Black "Brown, Thomas"]
[Result "1-0"]
[WhiteElo "2371"]
[BlackElo "2027"]
[PlyCount "57"]
[EventDate "2009.01.27"]

1. e4 c5 2. Nf3 g6 3. d4 cxd4 4. Nxd4 Bg7 5. Nc3 Nc6 6. Be3 Nf6 7. Bc4 O-O 8.
Bb3 d6 9. f3 Bd7 10. h4 Nxd4 11. Bxd4 a5 12. a4 e5 13. Be3 Be6 14. Qd2 Bxb3 15.
cxb3 Rc8 16. O-O-O d5 17. exd5 e4 18. Kb1 exf3 19. gxf3 Nd7 20. Bd4 Ne5 21. Qf4
f6 22. h5 Qd7 23. hxg6 hxg6 24. Qe4 Rce8 25. Bc5 f5 26. Qh4 Rf6 27. f4 Ng4 28.
Bd4 Ra6 29. Qh8+ 1-0

[Event "Gibtelecom Masters"]
[Site "Gibraltar"]
[Date "2009.01.28"]
[Round "2.45"]
[White "Linqvist, Grels"]
[Black "Quillan, Gary"]
[Result "0-1"]
[WhiteElo "2034"]
[BlackElo "2357"]
[PlyCount "44"]
[EventDate "2009.01.27"]

1. c4 e5 2. Nc3 Nf6 3. g3 Bb4 4. Bg2 O-O 5. d3 Bxc3+ 6. bxc3 d6 7. e3 Re8 8.
Ne2 e4 9. d4 Nc6 10. O-O Na5 11. Qa4 b6 12. c5 Bd7 13. Qa3 dxc5 14. dxc5 Nc4
15. Qb4 Ne5 16. cxb6 axb6 17. Qb1 Be6 18. Nd4 Bc4 19. Rd1 c5 20. Bxe4 Nxe4 21.
Qxe4 cxd4 22. Rxd4 Qf6 0-1

[Event "Gibtelecom Masters"]
[Site "Gibraltar"]
[Date "2009.01.28"]
[Round "2.46"]
[White "Van Eijk, Sander"]
[Black "Hamer, Martyn"]
[Result "1-0"]
[WhiteElo "2355"]
[BlackElo "2022"]
[PlyCount "47"]
[EventDate "2009.01.27"]

1. e4 e5 2. f4 exf4 3. Nf3 d6 4. Bc4 h6 5. b3 Nf6 6. Qe2 Be7 7. Bb2 Nbd7 8. d4
c6 9. e5 dxe5 10. dxe5 Nd5 11. e6 fxe6 12. Bxg7 Rh7 13. Bd4 N7f6 14. O-O Bd7
15. Ne5 c5 16. Nxd7 Kxd7 17. Be5 Bd6 18. Nc3 Kc8 19. Rad1 Re7 20. Bxf6 Nxf6 21.
Nb5 Ne8 22. Bxe6+ Kb8 23. Nxd6 Nxd6 24. Qe5 1-0

[Event "Gibtelecom Masters"]
[Site "Gibraltar"]
[Date "2009.01.28"]
[Round "2.48"]
[White "Spanton, Tim R"]
[Black "Solomon, Kenny"]
[Result "0-1"]
[WhiteElo "2008"]
[BlackElo "2348"]
[PlyCount "39"]
[EventDate "2009.01.27"]

1. e4 c5 2. Nf3 Nc6 3. Bb5 e6 4. Bxc6 bxc6 5. d3 Ne7 6. Qe2 d5 7. O-O Ng6 8. c4
Bd6 9. e5 Be7 10. Nc3 O-O 11. b3 f6 12. Bd2 fxe5 13. cxd5 exd5 14. Nxe5 Nxe5
15. Qxe5 Bf5 16. Rfe1 Bd6 17. Qe2 Qh4 18. g3 Qd4 19. Rad1 Bg4 20. Qxg4 0-1

[Event "Gibtelecom Masters"]
[Site "Gibraltar"]
[Date "2009.01.28"]
[Round "2.49"]
[White "Maryasin, Boris"]
[Black "Zanetti, Bruno"]
[Result "1-0"]
[WhiteElo "2340"]
[BlackElo "2008"]
[PlyCount "59"]
[EventDate "2009.01.27"]

1. e4 c5 2. Nf3 Nc6 3. d4 cxd4 4. Nxd4 e5 5. Nb5 d6 6. N1c3 a6 7. Na3 Nf6 8.
Bg5 Be6 9. Nc4 Rc8 10. Bxf6 gxf6 11. Ne3 Nd4 12. Bd3 Bh6 13. O-O Rg8 14. Ncd5
Rg6 15. c3 Nc6 16. Qf3 Kf8 17. Nf5 Bxf5 18. exf5 Rg8 19. Rad1 Bg7 20. Be4 a5
21. Rd3 Ne7 22. Rfd1 Nxd5 23. Rxd5 Rc6 24. Qd3 Ke7 25. c4 Qc7 26. Rb5 Rb6 27.
c5 dxc5 28. Rxb6 Qxb6 29. Qd7+ Kf8 30. Qc8+ 1-0

[Event "Gibtelecom Masters"]
[Site "Gibraltar"]
[Date "2009.01.28"]
[Round "2.51"]
[White "Klinova, Masha"]
[Black "Carlsen, Ellen Oen"]
[Result "1-0"]
[WhiteElo "2328"]
[BlackElo "1888"]
[PlyCount "67"]
[EventDate "2009.01.27"]

1. e4 c5 2. Nf3 Nc6 3. Bb5 g6 4. O-O Bg7 5. Bxc6 dxc6 6. d3 e5 7. Nbd2 Qe7 8.
a4 Bd7 9. a5 h5 10. Nc4 Bg4 11. Be3 Bxf3 12. Qxf3 Nf6 13. Bg5 Qe6 14. Qg3 Nxe4
15. dxe4 Qxc4 16. Qf3 O-O 17. c3 b6 18. Rfd1 f6 19. Be3 Rad8 20. h3 Qb3 21. Qe2
Qf7 22. Qa6 Qc7 23. b4 cxb4 24. axb6 axb6 25. Bxb6 Rxd1+ 26. Rxd1 Qf7 27. cxb4
Qb3 28. Rc1 Qxb4 29. Bc5 Qd2 30. Qc4+ Rf7 31. Ra1 Qd7 32. Ra7 Qe8 33. Qa2 Bf8
34. Ra8 1-0

[Event "Gibtelecom Masters"]
[Site "Gibraltar"]
[Date "2009.01.28"]
[Round "2.52"]
[White "Ashton, Adam G"]
[Black "Gonzalez Amaya, Millan"]
[Result "1-0"]
[WhiteElo "2321"]
[BlackElo "1831"]
[PlyCount "85"]
[EventDate "2009.01.27"]

1. e4 e5 2. Bc4 d6 3. d3 Nf6 4. Nc3 c6 5. f4 Be7 6. Nf3 Qc7 7. O-O Nbd7 8. a4
a5 9. Qe1 b6 10. fxe5 dxe5 11. Nh4 Nf8 12. Nf5 Bxf5 13. Rxf5 O-O-O 14. Na2 Ne6
15. Bxe6+ fxe6 16. Rf3 Bc5+ 17. Be3 Qe7 18. Qf2 Bxe3 19. Qxe3 Kb7 20. h3 Nh5
21. Rb1 c5 22. Kh2 Nf4 23. g3 Ng6 24. Rbf1 Rhf8 25. Nc3 Rxf3 26. Rxf3 h5 27. h4
Rf8 28. Nb5 Kc6 29. Na3 Rxf3 30. Qxf3 Qf8 31. Qe2 Qf6 32. Nc4 Nf8 33. Kg2 g6
34. Qe3 Nd7 35. Qh6 Kc7 36. Qh7 Kc6 37. b3 Kc7 38. Nxb6 Kxb6 39. Qxd7 g5 40.
Qb5+ Ka7 41. Qxa5+ Kb8 42. Qb6+ Ka8 43. Qc6+ 1-0

[Event "Gibtelecom Masters"]
[Site "Gibraltar"]
[Date "2009.01.28"]
[Round "2.53"]
[White "Kuenitz, Klaus"]
[Black "Forsaa, Espen"]
[Result "0-1"]
[WhiteElo "1663"]
[BlackElo "2322"]
[PlyCount "49"]
[EventDate "2009.01.27"]

1. d4 d5 2. c4 c6 3. cxd5 cxd5 4. Nf3 Nf6 5. Nc3 Nc6 6. Bf4 Ne4 7. Qb3 Nxc3 8.
bxc3 g6 9. e3 Bg7 10. Bb5 O-O 11. O-O Na5 12. Qa4 b6 13. Nd2 Be6 14. Rfc1 a6
15. Be2 b5 16. Qd1 Bd7 17. Bf3 Bc6 18. Nb3 Nc4 19. Nc5 Qb6 20. a4 Rfe8 21. Rcb1
e5 22. Bg3 Bf8 23. axb5 axb5 24. Rxa8 Rxa8 25. Bxe5 0-1

[Event "Gibtelecom Masters"]
[Site "Gibraltar"]
[Date "2009.01.28"]
[Round "2.56"]
[White "Van Heirzeele, Daniel"]
[Black "Bok, Benjamin"]
[Result "0-1"]
[WhiteElo "2189"]
[BlackElo "2277"]
[PlyCount "88"]
[EventDate "2009.01.27"]

1. d4 Nf6 2. c4 g6 3. Nc3 d5 4. Nf3 Bg7 5. Qb3 dxc4 6. Qxc4 O-O 7. e4 a6 8. Bf4
b5 9. Qxc7 Qxc7 10. Bxc7 b4 11. Na4 Bb7 12. Nc5 Bxe4 13. Nxe4 Nxe4 14. Bd3 Nf6
15. O-O Nbd7 16. Ba5 Nd5 17. Rfc1 Rfc8 18. Rc4 Rxc4 19. Bxc4 N7b6 20. Bb3 Rc8
21. Rd1 e6 22. g3 Rc6 23. a3 bxa3 24. bxa3 Nc4 25. Bb4 Ncb6 26. Bc5 Bf8 27. Ne5
Rc7 28. Nd3 Bg7 29. Rb1 Nd7 30. Rc1 {(=)} 30... Nxc5 31. dxc5 Nc3 32. Kf1 Ne4
33. Ke2 Bd4 34. c6 Nc3+ 35. Kf3 Rxc6 36. Nb4 Rb6 37. Bc4 a5 38. Nc2 Bf6 39. Ne3
Kg7 40. Rc2 a4 41. Rd2 Nb1 42. Rd3 Be7 43. Rd7 Bxa3 44. Ng4 Bb2 0-1

[Event "Gibtelecom Masters"]
[Site "Gibraltar"]
[Date "2009.01.28"]
[Round "2.57"]
[White "Heinis, Vincent"]
[Black "Hartvig, Ove Weiss"]
[Result "0-1"]
[WhiteElo "2170"]
[BlackElo "2237"]
[PlyCount "52"]
[EventDate "2009.01.27"]

1. d4 Nf6 2. c4 c5 3. d5 b5 4. cxb5 a6 5. b6 e6 6. Nc3 Nxd5 7. Nxd5 exd5 8.
Qxd5 Nc6 9. Nf3 Rb8 10. e4 Be7 11. Bc4 O-O 12. O-O Rxb6 13. Bd2 d6 14. Qh5 Rxb2
15. Bb3 Nd4 16. Ng5 Bxg5 17. Bxg5 Qc7 18. Bc1 Ne2+ 19. Kh1 Nxc1 20. Raxc1 a5
21. Rc3 Be6 22. Rg3 g6 23. f4 Bxb3 24. f5 Qe7 25. axb3 Qxe4 26. Rg1 Rb1 0-1

[Event "Gibtelecom Masters"]
[Site "Gibraltar"]
[Date "2009.01.28"]
[Round "2.58"]
[White "Gavriel, Tryfon C"]
[Black "Ripari, Marcelo"]
[Result "0-1"]
[WhiteElo "2161"]
[BlackElo "2313"]
[PlyCount "98"]
[EventDate "2009.01.27"]

1. e4 c5 2. Nf3 Nc6 3. Bb5 e6 4. Bxc6 bxc6 5. d3 d6 6. Nc3 e5 7. h3 Ne7 8. O-O
Ng6 9. Ne2 Be7 10. Be3 f5 11. exf5 Bxf5 12. Ng3 O-O 13. Nxf5 Rxf5 14. a3 a5 15.
c4 Qd7 16. Rc1 Raf8 17. Nd2 h6 18. Ne4 Kh7 19. Ng3 R5f7 20. Qg4 Qxg4 21. hxg4
Nf4 22. Bxf4 exf4 23. Ne4 h5 24. f3 hxg4 25. fxg4 f3 26. g3 Kg6 27. Kf2 Rb8 28.
Rc2 d5 29. Nd2 Bf6 30. Nxf3 Rxb2 31. Rxb2 Bxb2 32. a4 dxc4 33. dxc4 Bd4+ 34.
Ke2 Re7+ 35. Kd2 Re4 36. Re1 Rxg4 37. Re6+ Kf5 38. Rxc6 Rxg3 39. Nxd4+ cxd4 40.
Rd6 Ke5 41. Ra6 Ra3 42. Rxa5+ Ke4 43. Rg5 Ra2+ 44. Kd1 Kd3 45. Rg3+ Kxc4 46.
Rxg7 Kc3 47. Ra7 Ra1+ 48. Ke2 d3+ 49. Kf2 d2 0-1

[Event "Gibtelecom Masters"]
[Site "Gibraltar"]
[Date "2009.01.28"]
[Round "2.60"]
[White "Thomassen, Joachim"]
[Black "Drenth, Jean Paul"]
[Result "1-0"]
[WhiteElo "2290"]
[BlackElo "2140"]
[PlyCount "67"]
[EventDate "2009.01.27"]

1. d4 Nf6 2. c4 c5 3. d5 e5 4. Nc3 d6 5. e4 Be7 6. g3 Nbd7 7. Bg2 Nf8 8. Nge2
h6 9. O-O g5 10. f4 exf4 11. gxf4 Ng6 12. e5 dxe5 13. fxe5 Nxe5 14. d6 Bxd6 15.
Rxf6 Qxf6 16. Ne4 Qd8 17. Qxd6 Qxd6 18. Nxd6+ Ke7 19. Nxc8+ Raxc8 20. Bxb7 Rc7
21. Bd5 f5 22. Bd2 Kf6 23. Rf1 Rf8 24. Bc3 Re7 25. Ng3 f4 26. Ne4+ Kf5 27. b4
g4 28. Nd6+ Kg5 29. bxc5 Nd3 30. Rd1 Re3 31. Bd4 Re1+ 32. Rxe1 Nxe1 33. c6 Nc2
34. Bxa7 1-0

[Event "Gibtelecom Masters"]
[Site "Gibraltar"]
[Date "2009.01.28"]
[Round "2.61"]
[White "Green, Andrew D"]
[Black "Malmdin, Nils-Ake"]
[Result "1/2-1/2"]
[WhiteElo "2136"]
[BlackElo "2256"]
[PlyCount "64"]
[EventDate "2009.01.27"]

1. e4 d5 2. exd5 Nf6 3. Nf3 Nxd5 4. c4 Nf6 5. d4 g6 6. h3 Bg7 7. Be3 O-O 8. Be2
Ne4 9. Nbd2 Nd6 10. Nb3 a5 11. O-O Nf5 12. Qd2 a4 13. Nc1 c5 14. Rd1 Nc6 15. d5
Nxe3 16. Qxe3 Nd4 17. Nxd4 Bxd4 18. Rxd4 cxd4 19. Qxd4 Bf5 20. g4 Bd7 21. c5
Bc6 22. Bc4 e6 23. d6 Qh4 24. Qe3 h5 25. Ne2 hxg4 26. Nf4 gxh3 27. Kh2 Kh7 28.
Rg1 e5 29. Nd5 Qd4 30. Nf6+ Kg7 31. Nh5+ Kh7 32. Nf6+ Kg7 1/2-1/2

[Event "Gibtelecom Masters"]
[Site "Gibraltar"]
[Date "2009.01.28"]
[Round "2.62"]
[White "Sanchez, Louis"]
[Black "Fellousi, Abdelaziz"]
[Result "1-0"]
[WhiteElo "2263"]
[BlackElo "2112"]
[PlyCount "87"]
[EventDate "2009.01.27"]

1. e4 e6 2. d4 d5 3. Nc3 Bb4 4. e5 c5 5. a3 Bxc3+ 6. bxc3 Qa5 7. Bd2 Qa4 8. Qb1
c4 9. Nh3 Ne7 10. Nf4 h5 11. h4 Nbc6 12. Qd1 g6 13. g3 Bd7 14. Bg2 a6 15. O-O
O-O-O 16. Nh3 Nf5 17. Bg5 Rdf8 18. Qd2 Na7 19. Rfb1 a5 20. Bf6 Rhg8 21. Ng5 Kb8
22. Bh3 Nc8 23. Nh7 Re8 24. Bg5 Rh8 25. Nf6 Ref8 26. Bxf5 gxf5 27. Qe2 Bc6 28.
Nxh5 Rfg8 29. Nf4 Na7 30. Bf6 Rh7 31. Nh3 Nb5 32. Qd2 Be8 33. Ng5 Rh5 34. Kg2
f4 35. Kh3 Rg6 36. Kg4 Rhh6 37. Be7 Bd7 38. Kxf4 f6 39. exf6 Rxf6+ 40. Bxf6
Rxf6+ 41. Ke3 e5 42. dxe5 d4+ 43. cxd4 c3 44. Qd3 1-0

[Event "Gibtelecom Masters"]
[Site "Gibraltar"]
[Date "2009.01.28"]
[Round "2.63"]
[White "Peredy, Ferenc"]
[Black "Hagen, Anders Gjerdrum"]
[Result "1/2-1/2"]
[WhiteElo "2252"]
[BlackElo "2110"]
[PlyCount "82"]
[EventDate "2009.01.27"]

1. f4 d5 2. Nf3 g6 3. g3 Bg7 4. Bg2 Nf6 5. O-O O-O 6. d3 c5 7. Qe1 d4 8. h3 Nc6
9. a4 Rb8 10. Na3 a6 11. g4 Nd5 12. Bd2 f5 13. gxf5 Bxf5 14. Nc4 b5 15. axb5
axb5 16. Nce5 Nxe5 17. Nxe5 Qd6 18. Qg3 Ra8 19. Kh1 Rxa1 20. Rxa1 Be6 21. c4
bxc4 22. Nxc4 Qc7 23. Ra6 Bf7 24. Ne5 e6 25. Nxf7 Qxf7 26. Qg4 Nxf4 27. Bxf4
Qxf4 28. Qxf4 Rxf4 29. Rxe6 Rf6 30. Bd5 Rxe6 31. Bxe6+ Kf8 32. Kg2 Ke7 33. Bg8
h6 34. Kf3 Bf6 35. Ke4 Kd6 36. Bf7 g5 37. Kf5 Be5 38. Bh5 Bf4 39. Bg4 Bc1 40.
b3 Kc6 41. Kg6 Kb5 1/2-1/2

[Event "Gibtelecom Masters"]
[Site "Gibraltar"]
[Date "2009.01.28"]
[Round "2.64"]
[White "Ogada-Osir, Ibrahim Okinyi"]
[Black "White, Michael J R"]
[Result "1-0"]
[WhiteElo "2110"]
[BlackElo "2251"]
[PlyCount "59"]
[EventDate "2009.01.27"]

1. d4 Nf6 2. c4 g6 3. Nc3 Bg7 4. e4 d6 5. Nf3 O-O 6. Be2 e5 7. O-O Nc6 8. d5
Ne7 9. a4 a5 10. Ne1 Nd7 11. Nd3 f5 12. f3 f4 13. b3 g5 14. Ba3 b6 15. b4 Rf6
16. bxa5 Rxa5 17. Nb5 Rh6 18. Bb4 Ra6 19. a5 bxa5 20. Ba3 Nf6 21. Nf2 Rg6 22.
c5 h5 23. Nxc7 Qxc7 24. Bxa6 Bxa6 25. cxd6 Qa7 26. dxe7 g4 27. d6 Bxf1 28. d7
g3 29. e8=Q+ Kh7 30. Qxf1 1-0

[Event "Gibtelecom Masters"]
[Site "Gibraltar"]
[Date "2009.01.28"]
[Round "2.65"]
[White "Mundaca Alvarez, Juan Carl"]
[Black "Tscharotschkin, Michael"]
[Result "0-1"]
[WhiteElo "2105"]
[BlackElo "2248"]
[PlyCount "190"]
[EventDate "2009.01.27"]

1. d4 d5 2. Nf3 Bf5 3. Bf4 e6 4. Nbd2 h6 5. e3 Nf6 6. c4 c6 7. Qb3 Qb6 8. Be2
Nbd7 9. Rc1 Qxb3 10. Nxb3 dxc4 11. Bxc4 Nb6 12. Ne5 g5 13. Bg3 Ne4 14. Bd3 f6
15. Bxe4 Bxe4 16. f3 Bh7 17. Nc4 Nxc4 18. Rxc4 Bd3 19. Rc1 Bb4+ 20. Kd1 O-O 21.
a3 Be7 22. h4 Kg7 23. Nc5 Bxc5 24. Rxc5 Rad8 25. Kd2 Bg6 26. Ke2 Rd7 27. Be1
Rfd8 28. Bc3 Be8 29. hxg5 hxg5 30. g3 Bg6 31. Be1 Rd5 32. b4 Be8 33. Bf2 b6 34.
Rxd5 cxd5 35. Rc1 Bb5+ 36. Kd2 Bc4 37. Rh1 Rc8 38. e4 Kg6 39. Be3 Bb3 40. Rc1
Bc4 41. Rh1 b5 42. g4 Rc6 43. e5 Ra6 44. exf6 Rxa3 45. f7 Rd3+ 46. Ke2 Kxf7 47.
Bxg5 Rxd4+ 48. Kf2 Bb3 49. Rb1 Ba4 50. Be3 Rd3 51. Bxa7 Bd1 52. f4 Bxg4 53. Bb8
Kf6 54. Rg1 Kf5 55. Re1 Rf3+ 56. Kg2 Rb3 57. Bd6 Kf6 58. Bc5 Bf3+ 59. Kf2 Be4
60. Re2 Rf3+ 61. Ke1 Rxf4 62. Kd2 Rf3 63. Rh2 Ke5 64. Rh5+ Bf5 65. Ke2 Ra3 66.
Rh4 Rh3 67. Bd4+ Kd6 68. Rf4 Rh5 69. Rf1 e5 70. Bc5+ Ke6 71. Ra1 Rh2+ 72. Kf3
e4+ 73. Kf4 Rh4+ 74. Kg3 Rg4+ 75. Kf2 Rf4+ 76. Ke2 Bg4+ 77. Kd2 Ke5 78. Ra8 d4
79. Re8+ Be6 80. Bxd4+ Kxd4 81. Rxe6 Rf2+ 82. Ke1 Rb2 83. Rh6 Kd3 84. Kf1 Rxb4
85. Re6 Rb1+ 86. Kf2 Rb2+ 87. Ke1 b4 88. Rd6+ Ke3 89. Kd1 b3 90. Kc1 Rg2 91.
Rb6 b2+ 92. Kb1 Rd2 93. Rb3+ Kf2 94. Rb7 e3 95. Rf7+ Ke1 0-1

[Event "Gibtelecom Masters"]
[Site "Gibraltar"]
[Date "2009.01.28"]
[Round "2.66"]
[White "Chapman, Terry P D"]
[Black "Aerni, Andi"]
[Result "0-1"]
[WhiteElo "2251"]
[BlackElo "2102"]
[PlyCount "164"]
[EventDate "2009.01.27"]

1. Nf3 d5 2. b3 c5 3. Bb2 Nc6 4. e3 Nf6 5. c4 d4 6. exd4 cxd4 7. d3 e5 8. g3
Bc5 9. Bg2 O-O 10. O-O Re8 11. a3 a5 12. Re1 Bf5 13. Nh4 Bg4 14. Bf3 Bxf3 15.
Qxf3 Qd7 16. Nd2 Rab8 17. Bc1 b5 18. Nf5 bxc4 19. bxc4 a4 20. g4 e4 21. Nxe4
Nxe4 22. Rxe4 Rxe4 23. Qxe4 Re8 24. Qd5 Qxd5 25. cxd5 Ne5 26. Bb2 g6 27. Ng3
Nxd3 28. Ra2 Re1+ 29. Kg2 Nf4+ 30. Kf3 Nd3 31. Ne4 Bb6 32. Ra1 f5 33. gxf5 gxf5
34. Nf6+ Kf7 35. Rxe1 Nxe1+ 36. Ke2 Kxf6 37. Kxe1 Ke5 38. Ke2 Ke4 39. d6 d3+
40. Kd2 Bd8 41. f3+ Kxf3 42. Kxd3 Kf4 43. Bg7 Kg5 44. Kc4 f4 45. Bd4 Kf5 46.
Kd5 f3 47. d7 Kf4 48. Bf2 h5 49. h3 Kf5 50. Bg3 Bf6 51. Bf2 Kf4 52. Ke6 Bd8 53.
Kd5 Kf5 {(=)} 54. Be3 Bf6 55. Bd4 Bd8 56. Bf2 Bf6 57. Bg3 Bd8 58. Bf2 Bf6 59.
Bg3 Bd8 60. Kc4 Ke6 61. Kd3 Kxd7 62. Ke3 Be7 63. Kxf3 Bxa3 64. Be5 Kc6 65. Ke4
Kc5 66. Kd3 Kb4 67. Kc2 Kc4 68. Bf6 Bc5 69. Bb2 Bd4 70. Ba3 Bc3 71. Bc1 Kd4 72.
Bg5 Bb4 73. Kd1 Kd3 74. Kc1 Ke2 75. Kc2 Kf3 76. Kd3 Kg2 77. h4 Kh3 78. Kc4 Be1
79. Kb5 Kg4 80. Kxa4 Bxh4 81. Be3 Bg3 82. Kb3 h4 0-1

[Event "Gibtelecom Masters"]
[Site "Gibraltar"]
[Date "2009.01.28"]
[Round "2.67"]
[White "Natalicchio Escalante, Nic"]
[Black "Campbell, Ian"]
[Result "1-0"]
[WhiteElo "2238"]
[BlackElo "2023"]
[PlyCount "63"]
[EventDate "2009.01.27"]

1. d4 Nf6 2. c4 e6 3. g3 Bb4+ 4. Bd2 a5 5. Nf3 b6 6. Bg2 Bb7 7. O-O O-O 8. Bf4
Be7 9. d5 Qc8 10. Nc3 exd5 11. Nxd5 Nxd5 12. cxd5 d6 13. Nd4 Na6 14. a3 Qd7 15.
b3 Bf6 16. Rb1 Rfe8 17. Re1 h6 18. b4 axb4 19. axb4 Re7 20. Qd3 Qa4 21. Bd2
Bxd4 22. Qxd4 Rae8 23. Bc3 f6 24. e4 Qd7 25. f4 b5 26. Rbd1 c6 27. dxc6 Qxc6
28. Rd2 Qc7 29. Bb2 Qc4 30. Qxd6 Qxb4 31. Qxb4 Nxb4 32. Ba3 1-0

[Event "Gibtelecom Masters"]
[Site "Gibraltar"]
[Date "2009.01.28"]
[Round "2.68"]
[White "Beltran Medina, Jorge"]
[Black "Dunn, Andrew"]
[Result "0-1"]
[WhiteElo "2006"]
[BlackElo "2216"]
[PlyCount "64"]
[EventDate "2009.01.27"]

1. d4 d5 2. c4 c6 3. Nf3 Nf6 4. g3 e6 5. Bg2 Nbd7 6. Qc2 Be7 7. O-O O-O 8. b3
Ne4 9. Ba3 Bxa3 10. Nxa3 Qe7 11. Qb2 f5 12. Nc2 b6 13. Nce1 Ba6 14. Nd3 Rac8
15. Nfe5 Nxe5 16. Nxe5 Bb7 17. Rac1 Rfd8 18. f3 Nf6 19. c5 Nd7 20. Nxd7 Rxd7
21. Rfd1 bxc5 22. Rxc5 e5 23. e3 Re8 24. Rdc1 exd4 25. exd4 Qe3+ 26. Qf2 Rde7
27. Bf1 f4 28. R5c3 fxg3 29. hxg3 Qg5 30. R1c2 Re1 31. f4 Qh5 32. Kg2 Ba6 0-1

[Event "Gibtelecom Masters"]
[Site "Gibraltar"]
[Date "2009.01.28"]
[Round "2.69"]
[White "Haug, Marianne Wold"]
[Black "Daoudi, Kamal"]
[Result "1/2-1/2"]
[WhiteElo "1935"]
[BlackElo "2209"]
[PlyCount "116"]
[EventDate "2009.01.27"]

1. e4 e5 2. Nf3 Nc6 3. Bb5 a6 4. Ba4 Nf6 5. O-O b5 6. Bb3 Bc5 7. Nxe5 Nxe5 8.
d4 Bxd4 9. Qxd4 d6 10. f4 c5 11. Qd1 c4 12. fxe5 Qb6+ 13. Kh1 dxe5 14. Nc3 O-O
15. Bxc4 bxc4 16. Nd5 Nxd5 17. Qxd5 Bb7 18. Qxc4 Rac8 19. Qe2 Qc6 20. c3 Qxe4
21. Qxe4 Bxe4 22. Re1 f5 23. Bg5 Rc6 24. Re2 Rb8 25. Rd1 Rg6 26. Bc1 Bc6 27.
Rdd2 f4 28. Rxe5 f3 29. Kg1 fxg2 30. Rd1 Rf8 31. Bg5 Bb5 32. Rd8 Rxd8 33. Bxd8
Rd6 34. Bg5 Bc6 35. Re1 h6 36. Bf4 Rf6 37. Be5 Rf5 38. c4 a5 39. b3 h5 40. h4
Rf7 41. a3 Rf3 42. Kxg2 Rxb3+ 43. Kf2 Rxa3 44. Rg1 Rf3+ 45. Ke2 Rf7 46. Rg5 a4
47. Kd3 a3 48. Rxh5 a2 49. Rg5 Re7 50. Bb2 Rb7 51. Bd4 Ba4 52. Ra5 Rb3+ 53. Kd2
Ra3 54. Ba1 g6 55. Kc1 Rb3 56. Rxa4 Rb1+ 57. Kc2 Rxa1 58. Kb2 Rh1 1/2-1/2

[Event "Gibtelecom Masters"]
[Site "Gibraltar"]
[Date "2009.01.28"]
[Round "2.71"]
[White "Hickman, John E"]
[Black "Kvisla, Johannes Luangtep"]
[Result "0-1"]
[WhiteElo "2002"]
[BlackElo "2208"]
[PlyCount "74"]
[EventDate "2009.01.27"]

1. Nf3 e6 2. d3 d5 3. g3 Nf6 4. Bg2 c5 5. O-O Nc6 6. Nbd2 Be7 7. e4 O-O 8. Re1
Re8 9. e5 Nd7 10. Nf1 b5 11. h4 h6 12. h5 f6 13. exf6 Bxf6 14. Ne3 Nb6 15. Ng4
e5 16. Nxf6+ Qxf6 17. Nh4 Be6 18. c4 bxc4 19. dxc4 Nd4 20. cxd5 Bxd5 21. Be3
Bxg2 22. Kxg2 Rad8 23. Bxd4 exd4 24. Qf3 Qxf3+ 25. Nxf3 Rxe1 26. Rxe1 Na4 27.
Re5 c4 28. b3 c3 29. Nxd4 Rxd4 30. bxa4 Rc4 31. Re1 Kf7 32. f4 Rxa4 33. Re2 Rb4
34. Kf3 Rb2 35. Re3 c2 36. Rc3 Rxa2 37. Ke3 Ra3 0-1

[Event "Gibtelecom Masters"]
[Site "Gibraltar"]
[Date "2009.01.28"]
[Round "2.72"]
[White "Skage, Oystein Aagedal"]
[Black "Erdelyi, Tamas"]
[Result "0-1"]
[WhiteElo "1925"]
[BlackElo "2152"]
[PlyCount "86"]
[EventDate "2009.01.27"]

1. e4 c5 2. Nf3 e6 3. d4 cxd4 4. Nxd4 a6 5. Bd3 Bc5 6. Nb3 Be7 7. c4 d6 8. O-O
Nf6 9. Qe2 Nbd7 10. f4 Qc7 11. Nc3 b6 12. Be3 Bb7 13. Rac1 g6 14. h3 h5 15. Nd2
h4 16. Qf2 Rb8 17. b4 Qd8 18. Bd4 Rh7 19. e5 dxe5 20. fxe5 Nh5 21. Nce4 Ng3 22.
Nxg3 hxg3 23. Qxg3 Nf8 24. Nb3 Bxb4 25. Qf2 Nd7 26. Rcd1 Qg5 27. Be3 Qh4 28.
Bxb6 Bxg2 29. Qxh4 Rxh4 30. Kxg2 Rxb6 31. Kg3 Rh5 32. Rb1 Rxe5 33. Kf4 Bd6 34.
Kf3 Rh5 35. Kg2 Rg5+ 36. Kf2 Rb4 37. Rfc1 Bc5+ 38. Nxc5 Nxc5 39. Bf1 Ra4 40.
Rb8+ Ke7 41. Rb2 Ra3 42. Rcb1 Ne4+ 43. Ke1 Rg1 0-1